The international Corporation and the Transfer of Technology
Đã lưu trong:
| 企业作者: | |
|---|---|
| 格式: | 图书 |
| 语言: | Undetermined |
| 出版: |
New York
Special Committee on the International Corporation
1972
|
| 主题: | |
| 标签: |
添加标签
没有标签, 成为第一个标记此记录!
|
| Thư viện lưu trữ: | Trung tâm Học liệu Trường Đại học Cần Thơ |
|---|
| LEADER | 00575nam a2200181Ia 4500 | ||
|---|---|---|---|
| 001 | CTU_85895 | ||
| 008 | 210402s9999 xx 000 0 und d | ||
| 082 | |a 380.1 | ||
| 082 | |b I.61 | ||
| 110 | |a International Chamber of Commerce | ||
| 245 | 4 | |a The international Corporation and the Transfer of Technology | |
| 245 | 0 | |c International Chamber of Commerce | |
| 260 | |a New York | ||
| 260 | |b Special Committee on the International Corporation | ||
| 260 | |c 1972 | ||
| 650 | |a Technology transfer | ||
| 904 | |i Năm | ||
| 980 | |a Trung tâm Học liệu Trường Đại học Cần Thơ | ||